<?xml version="1.0" encoding="UTF-8"?>
<marc:record xmlns:marc="http://www.loc.gov/MARC21/slim">
   <marc:leader>00000nam a2200000 a 4500</marc:leader>
   <marc:datafield ind1="1" ind2=" " tag="100">
      <marc:subfield code="a">Jamieson, Alexandra</marc:subfield>
      <marc:subfield code="4">aut</marc:subfield>
      <marc:subfield code="e">Verfasser/-in</marc:subfield>
   </marc:datafield>
   <marc:datafield ind1="1" ind2=" " tag="100">
      <marc:subfield code="a">Jamieson, Alexandra</marc:subfield>
   </marc:datafield>
   <marc:datafield ind1=" " ind2=" " tag="653">
      <marc:subfield code="a">Veganische Kost</marc:subfield>
   </marc:datafield>
   <marc:datafield ind1=" " ind2=" " tag="653">
      <marc:subfield code="a">Vegetarische Kost</marc:subfield>
   </marc:datafield>
   <marc:datafield ind1=" " ind2=" " tag="653">
      <marc:subfield code="a">Softcover / Medizin</marc:subfield>
   </marc:datafield>
   <marc:datafield ind1=" " ind2=" " tag="653">
      <marc:subfield code="a">Ratgeber</marc:subfield>
   </marc:datafield>
   <marc:datafield ind1="0" ind2="0" tag="245">
      <marc:subfield code="a">Vegan leben für Dummies</marc:subfield>
   </marc:datafield>
   <marc:datafield ind1="0" ind2="0" tag="245">
      <marc:subfield code="b">auf einen Blick: passend zu Ihrer Lebenssituation auf eine vegane Lebensweise umsteigen ; einen gesunden und ausgewogenen veganen Ernährungsplan erstellen ; Kosmetik, Kleidung und Co. anpassen ; Ihre Lieblingsrezepte "veganisieren"</marc:subfield>
   </marc:datafield>
   <marc:datafield ind1="0" ind2="0" tag="245">
      <marc:subfield code="c">Alexandra Jamieson. Übers. aus dem Amerikan. von Frauke Girus-Nowoczyn und Hartmut Strahl. Fachkorrektur von Rhea Martin</marc:subfield>
   </marc:datafield>
   <marc:datafield ind1=" " ind2="1" tag="264">
      <marc:subfield code="a">Weinheim</marc:subfield>
      <marc:subfield code="b">Wiley-VCH-Verl.</marc:subfield>
      <marc:subfield code="c">2015</marc:subfield>
   </marc:datafield>
   <marc:datafield ind1=" " ind2=" " tag="250">
      <marc:subfield code="a">1. Aufl.</marc:subfield>
   </marc:datafield>
   <marc:datafield ind1="1" ind2=" " tag="520">
      <marc:subfield code="a">Angaben aus der Verlagsmeldung

Vegan leben für Dummies / von Alexandra Jamieson

Immer mehr Menschen entscheiden sich, komplett oder zumindest teilweise vegan zu leben. Dies ist jedoch nicht so einfach, wie es scheint und kann ohne den richtigen Ernährungsplan sogar zu Mangelerscheinungen führen. Umso wichtiger ist es, sich zu informieren und für jede Lebenssituation den passenden Tipp parat zu haben. "Vegan für Dummies" erläutert, mit welchen Lebensmitteln Sie Fleisch, Eier, Sahne und Co. ersetzen können und worauf Sie achten müssen, um ausreichend Proteine und Vitamine zu sich zu nehmen. Natürlich betrifft Veganismus mehr als nur die Ernährung. Alexandra Jamieson erklärt, wie Sie ohne Wolle, Leder und nicht-vegane Kosmetik zurechtkommen und gibt Ratschläge für den Umgang mit nicht-Veganern. So wird vegan leben zum Kinderspiel.
</marc:subfield>
   </marc:datafield>
   <marc:datafield ind1=" " ind2=" " tag="020">
      <marc:subfield code="a">9783527710478</marc:subfield>
      <marc:subfield code="9">9783527710478</marc:subfield>
   </marc:datafield>
   <marc:datafield ind1=" " ind2=" " tag="020">
      <marc:subfield code="a">3527710477</marc:subfield>
      <marc:subfield code="9">3527710477</marc:subfield>
   </marc:datafield>
   <marc:datafield ind1=" " ind2=" " tag="041">
      <marc:subfield code="a">ger</marc:subfield>
   </marc:datafield>
   <marc:datafield ind1=" " ind2=" " tag="300">
      <marc:subfield code="a">364 S.</marc:subfield>
   </marc:datafield>
</marc:record>
